Coupes de cheveux de Footballeurs - Statistiques

Statistiques générales
  • Ce quiz a été pris 131 fois
  • Le résultat moyen est 4 sur 8
Statistiques - réponses
Par images Réponse % Correct
Paul Pogba
100%
Ronaldo Nazario
86%
Marek Hamsik
56%
Gervinho
54%
Marouane Chamakh
33%
Goran Pandev
31%
Raul Meireles
18%
Taribo West
2%
Aucun quiz correspondant
Distribution des résultats
% des personnes avec chaque résultat
Percentile par nombre de réponses
Votre historique - résultats
Vous n’avez pas pris ce quiz